Galileo sus grandes inventos y descubrimientos / (Record no. 14422)

000 -CABECERA
fixed length control field 00665nam a22001937a 4500
003 - IDENTIFICADOR DEL NÚMERO DE CONTROL
control field AR-CdUCM
008 - DATOS DE LONGITUD FIJA--INFORMACIÓN GENERAL
fixed length control field 190423b ||||| |||| 00| 0 spa d
020 ## - NÚMERO INTERNACIONAL ESTÁNDAR DEL LIBRO
ISBN 978-607-404-196-5
040 ## - FUENTE DE LA CATALOGACIÓN
Agencia/entidad que catalogó originalmente la obra MUNICIPALIDAD PROVINCIAL DEL CUSCO
Entidad que transcribió la catalogación BIBLIOTECA MUNICIPAL DEL CUSCO
082 ## - NÚMERO DE LA CLASIFICACIÓN DECIMAL DEWEY
No. de Clasificación ES / 940
Notacion interna R55
100 ## - ENTRADA PRINCIPAL--NOMBRE DE PERSONA
Nombre Personal Riley, Peter
245 ## - MENCIÓN DE TÍTULO
Título Galileo sus grandes inventos y descubrimientos /
260 ## - PUBLICACIÓN, DISTRIBUCIÓN, ETC.
Lugar de publicación, distribución, etc. Mexico :
Nombre de la editorial, distribuidor, etc. Advanced marketing,
Fecha de publicación, distribución, etc. 2011.
300 ## - DESCRIPCIÓN FÍSICA
Nº de Páginas Extensión 8 paginas ;
Otros detalles físicos Ilustraciones plegables,
Dimensiones 27 cm.
Material acompañante Figuras tridimensionales,
650 ## - PUNTO DE ACCESO ADICIONAL DE MATERIA--TÉRMINO DE MATERIA
Descriptor Grandes inventos
9 (RLIN) 33182
650 ## - PUNTO DE ACCESO ADICIONAL DE MATERIA--TÉRMINO DE MATERIA
Descriptor Inventos para niños
9 (RLIN) 33183
942 ## - ELEMENTOS DE PUNTO DE ACCESO ADICIONAL (KOHA)
Fuente de clasificación
Tipo de item Libros-BMC
945 ## - PROCESAMIENTO DE INFORMACIÓN LOCAL (OCLC)
Catalogador pjha
AAAA-MM-DD - Fecha de ingreso o modificacion 2019-04-25
Holdings
Estado de retiro (separado) Fuente de clasificación o esquema de estanterías Estado dañado Ubicación Sala donde se ubica Nombre de la colección Fecha de adquisición o compra Costo, precio normal en soles Signatura topográfica Código de Barras Última vez visto (Koha) Tipo de ítem (Koha)
No     Sala de Infantes Sala de Infantes Book Cart 2019-04-23 50.00 ES / 940 / R59 / e.2 SI00002595 2019-04-23 Libros-BMC
No     Sala de Infantes Sala de Infantes Children's Area 2019-04-25 50.00 ES / 940 / R59 SI00003551 2019-04-25 Libros-BMC

Powered by Koha